Les épisodes des "100 lieux qu'il faut voir" - Statistiques

Statistiques générales
  • Ce quiz a été pris 10 fois
  • Le résultat moyen est 66 sur 100
Statistiques - réponses
Réponse % Correct
Auvergne-Rhône-Alpes A L'{Allier} : de Vichy aux méandres de l'Allier
100%
Nouvelle-Aquitaine D Au fil de la {Dordogne}
89%
Hauts-de-France S Baie de {Somme}
89%
Hauts-de-France / Normandie S Du littoral normand à la baie de {Somme}
89%
Nouvelle-Aquitaine C La {Charente-Maritime}
89%
Nouvelle-Aquitaine G La {Gironde}, du Bassin d'Arcachon à Saint-Emilion
89%
Outre-mer G La {Guadeloupe}, de la Soufrière à Marie-Galante
89%
Normandie M La {Manche}, du Nord Cotentin au Mont-Saint-Michel
89%
Auvergne-Rhône-Alpes A L'{Ardèche}, des gorges au Haut-Vivarais
89%
Outre-mer R La {Réunion}, de l'Océan Indien au Piton de la Fournaise
89%
Occitanie A L'{Ariège}, des Pyrénées ariégeoises au Pays Cathare
89%
Normandie S La {Seine-Maritime}, des falaises d'Etretat au bocage normand
89%
Occitanie A L'{Aude}, de Carcassonne au Pays cathare
89%
Pays-de-la-Loire V La {Vendée}, des Sables-d'Olonne au Marais Poitevin
89%
Nouvelle-Aquitaine A Le bassin d'{Arcachon}, du bassin d'Arcachon aux lacs landais
89%
Bretagne F Le {Finistère}, de Quimper à Landerneau
89%
Bourgogne-Franche-Comté J Le {Jura}
89%
Bretagne M Le {Morbihan}, des îles du Golfe à l'arrière-pays breton
89%
Nouvelle-Aquitaine B Le pays {Basque}
89%
Nouvelle-Aquitaine D Le Périgord tricolore : les merveilles de la {Dordogne}, les couleurs cachées du Périgord
89%
Occitanie A Le sentier Cathare, de l'{Ariège} à la Méditerranée
89%
Nouvelle-Aquitaine V Les îles de l'Atlantique, de la {Vendée} à la Charente-Maritime
89%
Nouvelle-Aquitaine / Occitanie S Les merveilles du {Sud}-ouest
89%
Grand Est V Les {Vosges}
89%
Ile-de-France Y Les {Yvelines}, petites et grandes histoires d'une région
89%
Occitanie T Le {Tarn}
89%
Provence-Alpes-Côte-d'Azur V Le {Var}, de Saint-Tropez aux Gorges du Verdon
89%
Provence-Alpes-Côte-d'Azur V Le {Vaucluse}
89%
Auvergne-Rhône-Alpes I L'{Isère}, de Vienne aux terres pastorales
89%
Hauts-de-France O L'{Oise}, de Chantilly à la forêt de Compiègne
89%
L Mythes et {légendes}
89%
J Parcs et {jardins} extraordinaires
89%
Corse C {Corse}, le chemin des merveilles
78%
Centre-Val-de-Loire / Nouvelle-Aquitaine P Du {Poitou} à la Touraine, l'incroyable destin de Saint Martin
78%
Auvergne-Rhône-Alpes D La {Drôme}
78%
Auvergne-Rhône-Alpes H La {Haute-Loire}, du Puy-en-Velay aux méandres des gorges de l'Allier
78%
Pays-de-la-Loire L La {Loire-Atlantique}, de Guérande à la Côte de Jade
78%
Occitanie L La {Lozère}, une nature à l'état pur
78%
Grand Est A L'{Alsace}, de la plaine d'Alsace au massif des Vosges
78%
Provence-Alpes-Côte-d'Azur P La {Provence} de Pagnol et Giono
78%
Provence-Alpes-Côte-d'Azur P La {Provence}, des Alpes au Lubéron
78%
Auvergne-Rhône-Alpes S La {Savoie}, d'Aix-les-Bains à la Haute-Maurienne
78%
Auvergne-Rhône-Alpes / Provence-Alpes-Côte-d'Azur V La vallée du Rhône, de Lyon au mont {Ventoux}
78%
Auvergne-Rhône-Alpes C Le {Cantal}, de Salers au volcan du Cantal
78%
Nouvelle-Aquitaine L Le {Lot-et-Garonne}, de la vallée du Lot à l'Agenais
78%
Nouvelle-Aquitaine P Le {Périgord} noir
78%
Provence-Alpes-Côte-d'Azur A Les {Alpes-Maritimes}, de Grasse au Mercantour
78%
Grand Est A Les {Ardennes}, de Charleville-Mézières au Massif ardennais
78%
Occitanie H L'{Hérault}, de Sète à la vallée de l'Hérault
78%
Provence-Alpes-Côte-d'Azur A {Alpes-de-Haute-Provence}, de l'Ubaye à la Provence de Giono
67%
Nouvelle-Aquitaine C La {Corrèze}
67%
Nouvelle-Aquitaine C La {Creuse}, d'Aubusson à la vallée des peintres
67%
Auvergne-Rhône-Alpes H La {Haute-Savoie}, du Mont Blanc au lac Léman
67%
Occitanie A L'{Aveyron}, de l'Aubrac au Larzac
67%
Centre-Val-de-Loire B Le {Berry}, de Bourges aux abords de l'Allier
67%
Occitanie G Le {Gard}
67%
Occitanie / Provence-Alpes-Côte-d'Azur L Le golfe du {Lion}, de la Provence à la côte catalane
67%
Grand Est H Le {Haut-Rhin}
67%
Auvergne-Rhône-Alpes P Le {Puy-de-Dôme}, terre de volcans
67%
Bretagne C Les {Côtes-d'Armor}, La Côte d'Émeraude à Île-de-Bréhat
67%
Nouvelle-Aquitaine L Les {Landes}, de la côte atlantique à la Chalosse
67%
Bretagne I L'{Ille-et-Vilaine}
67%
Provence-Alpes-Côte-d'Azur A Côte d'{Azur}, de la côte Varoise au pays Niçois
56%
Hauts-de-France O Côte d'{Opale}, des falaises des Deux-Caps aux marais de Saint-Omer
56%
Grand Est C La {Champagne}, territoire d'histoire et de vignobles
56%
Corse C La {Corse-du-Sud}, du Golfe de Bonifacio au massif de l'Alta Rocca
56%
Outre-mer P La {Polynésie} dans toute sa splendeur
56%
Ile-de-France S La {Seine-et-Marne}
56%
Occitanie / Provence-Alpes-Côte-d'Azur A La voie d'{Arles}, un autre chemin de Compostelle
56%
Grand Est B Le {Bas-Rhin}, du mont Sainte-Odile aux Vosges du Nord
56%
Occitanie C Les {Cévennes}, du Gard à la Lozère
56%
Occitanie H Les {Hautes-Pyrénées} , du sanctuaire de Lourde à l'observatoire du Pic du Midi
56%
Occitanie P Les {Pyrénées-Orientales}
56%
Centre-Val-de-Loire / Pays-de-la-Loire A Le Val-de-Loire, de la cité royale d'{Amboise} à l'Anjou
56%
Occitanie C Sur le chemin de Stevenson : les {Cévennes} de l'écrivain voyageur
56%
Occitanie T Au fil du Canal du midi, de Toulouse à l'étang de {Thau}
44%
Normandie M Du {Mont-Saint-Michel} au trésor des Cathares
44%
Occitanie H La {Haute-Garonne}, de Toulouse aux contreforts des Pyrénées
44%
Pays-de-la-Loire A L'{Anjou}, de Saumur aux méandres de la Loire
44%
Auvergne-Rhône-Alpes / Provence-Alpes-Côte-d'Azur C La route Napoléon, de la {Côte d'Azur} aux Alpes
44%
Bourgogne-Franche-Comté S La {Saône-et-Loire}, du Morvan au Mâconnais
44%
Centre-Val-de-Loire S La {Sologne}, l'écrin aux 3000 étangs
44%
Centre-Val-de-Loire T La {Touraine}
44%
Centre-Val-de-Loire / Normandie / Pays-de-la-Loire P Le {Perche}, terre de manoirs et de bocages
44%
Provence-Alpes-Côte-d'Azur B Les {Bouches-du-Rhône}, de la Camargue aux Calanques
44%
Provence-Alpes-Côte-d'Azur M Les secrets des îles de {Méditerranée}
44%
Normandie A Pays d'{Auge}
44%
Auvergne-Rhône-Alpes / Bourgogne-Franche-Comté / Occitanie B Sur le chemin de Compostelle, de la {Bourgogne} aux Pyrénées
44%
Nouvelle-Aquitaine B Sur le chemin des {Basques}, de la mer à la montagne
44%
Bretagne / Normandie Q Le sentier des douaniers, du Mont-Saint-Michel à {Quiberon}
33%
Outre-mer M Les {Marquises}, un rêve de voyageur
33%
Nouvelle-Aquitaine M Au fil de la Charente, de la Haute-Vienne à l'île {Madame}
22%
Auvergne-Rhône-Alpes M De la {Maurienne} au mont Blanc
22%
Occitanie Q Le {Quercy}
22%
Provence-Alpes-Côte-d'Azur V Balade provençale, du {Verdon} à l'Esterel
11%
Bretagne C La {Cornouaille}
11%
Occitanie G La {Gascogne}, voyage dans le coeur historique du Sud-Ouest
11%
G Les bâtisseurs de {génie}
11%
Hauts-de-France F Les {Flandres}, un patrimoine hors du commun
11%
Bretagne R De Brocéliande au mystérieux butin de {Rennes-le-Château}
0%
Aucun quiz correspondant
Distribution des résultats
% des personnes avec chaque résultat
Percentile par nombre de réponses
Votre historique - résultats
Vous n’avez pas pris ce quiz